000 00327nam a2200121 a 4500
005 20141022142003.0
008 080909s19uu xx 00 eng d
050 _aVCD
_bAJN1 2003
245 _aAJN: Physical assessment of the abdomen.
650 _aVCD Nursing.
650 _aphysical assessment of the abdomen
942 _cAVM
999 _c276402
_d276402